000 00751nam a2200205 a 4500
001 000023160
005 20200930022028.0
008 101129s1975 pr 000 0 spa d
040 _aDO-SdBNP
_bspa
_cBNPHU
082 _annnn
_bB562a
100 1 _aBetances, Ramón Emeterio,
_d1827-1898.
_93621
245 1 4 _aLas Antillas para los antillanos /
_cRamón Emeterio Betances ; prólogo, selección, traducciones y notas del doctor Carlos M. Rama.
260 _aSan Juan de Puerto Rico :
_bInstituto de Cultura Puertorriqueña,
_c1975.
300 _alxiv, 290 p. ;
_c18 cm.
490 1 _aBiblioteca popular
504 _aBibliografía: p. [283]-288.
700 1 _aRama, Carlos M.,
_epról.
_946785
830 0 _aBiblioteca popular
_95059
049 _aBNGR
999 _c22657
_d22657